| 000 | 00884nam a2200265 i 4500 | ||
|---|---|---|---|
| 001 | bg | ||
| 245 | 0 | 0 |
_aRozwój miast i zarządzanie gospodarką miejską / _cpod red. nauk. Janusza Słodczyka. |
| 260 |
_aOpole : _bWydaw. Uniwersytetu Opolskiego, _c2004. |
||
| 300 |
_a650 s. : _brys., wykr. ; _c24 cm. |
||
| 490 | 1 | _aMiasta w Okresie Przemian | |
| 504 | _aBibliogr. przy art. | ||
| 650 | 9 |
_aMiasta _xgospodarka _zPolska _yod 1989 r. |
|
| 650 | 9 |
_aGospodarka terenowa _zPolska _yod 1989 r. |
|
| 700 | 1 |
_aSŁODCZYK, Janusz. _eRed. |
|
| 710 | 0 | _aUniwersytet Opolski | |
| 830 | _aMiasta w Okresie Przemian | ||
| 020 | _a8373950699 | ||
| 040 | _cBPK | ||
| 041 | 0 | _apol | |
| 080 | _a711.4/.8:332.1(1-21)] | ||
| 920 | _a83-7395-069-9 | ||
| 942 | _cKS | ||
| 008 | s pl f |000 0 pol | ||
| 999 |
_c45485 _d45485 |
||
| 856 |
_uhttp://koha.tu.koszalin.pl/cgi-bin/koha/opac-detail.pl?biblionumber=45485 _yKatalog online BPK |
||